Memorix anatomie

Bibliographic Details
Main Authors: Hudák, Radovan, 1976- (Author, Illustrator), Kachlík, David, 1974- (Author)
Other Authors: Balko, Jan, 1987- (Illustrator), Zavázalová, Šárka (Illustrator)
Format: Book
Language:Czech
PhysicalDescription:xxi, 607 strán ilustrácie (prevažne farebné) 24 cm
Published: V Praze Triton 2021
ISBN:9788075538734
Edition:5. vydání
Subjects:

MARC

LEADER 00000cam a2200000 4500
001 vtls012061781
003 SK-MaSNL
005 20260301175552.0
008 210714s2021 xr a frnp 001 0 cze
015 |a SNBZSA2022/10 
020 |a 9788075538734  |q (viazané) 
040 |a SNK  |b slo  |e rda  |c SNK 
041 0 |a cze 
044 |a xr  |c CZ 
072 7 |a 611  |x Anatómia človeka a porovnávacia anatómia  |2 konspekt 
072 7 |a 37.016  |x Učebné osnovy. Vyučovacie predmety. Učebnice  |2 konspekt 
080 |a 611  |2 2011 
080 |a (075.8)  |2 2011 
100 1 |a Hudák, Radovan,  |d 1976-  |4 aut  |4 ill  |9 167420 
245 1 0 |a Memorix anatomie  |c Radovan Hudák, David Kachlík a kolektiv ; ilustrace: Jan Balko, Šárka Zavázalová, Radovan Hudák 
250 |a 5. vydání 
264 1 |a V Praze  |b Triton  |c 2021 
300 |a xxi, 607 strán  |b ilustrácie (prevažne farebné)  |c 24 cm 
336 |a text  |b txt  |2 rdacontent 
336 |a statický obraz  |b sti  |2 rdacontent 
337 |a bez média  |b n  |2 rdamedia 
338 |a zväzok  |b nc  |2 rdacarrier 
504 |a Obsahuje bibliografiu, bibliografické odkazy a register 
650 0 7 |a anatómia človeka  |2 SNKPH  |9 711 
650 0 7 |a Human anatomy  |2 SNKPHeng  |9 74119 
655 7 |a učebnice vysokých škôl  |2 SNKPH  |9 70191 
655 7 |a Textbooks (higher)  |2 SNKPHeng  |9 276436 
700 1 |a Kachlík, David,  |d 1974-  |4 aut  |9 171499 
700 1 |a Balko, Jan,  |d 1987-  |4 ill  |9 55115 
700 1 |a Zavázalová, Šárka  |4 ill  |9 170636 
752 |a Česko  |d Praha 
919 |a 978-80-7553-873-4 
954 |a odborná, vedecká literatúra cudzojazyčná (svetová)  |2 lita 
958 |a NB 
958 |a MI 
958 |a CZ 
958 |a ZS 
999 |c 843539  |d 845469 
952 |a SNK  |b SNK  |y PREZ  |7 0  |p 17A1481660  |o snkSC 196950  |i snk2022/5654  |8 4  |g 54.97  |0 0  |1 0  |4 0  |d 2022-01-14  |f 1  |l 0  |r 2025-10-16 00:00:00  |w 2026-02-24 
952 |t snkHUD 611(075)  |a SNKUST  |b SNKUST  |y PREZ  |7 0  |p 17A1517894  |o snkSC 196950 D1  |i snk2023/2404  |8 4  |g 54.97  |0 0  |1 0  |4 0  |d 2022-02-03  |l 0  |r 2025-04-28 00:00:00  |w 2026-02-24